LEADER 01211nam 2200253z- 450 001 9910883678003321 005 20251116150106.0 035 $a(CKB)5680000000500482 035 $a(MiAaPQ)EBC31853061 035 $a(BIP)106242907 035 $a(EXLCZ)995680000000500482 100 $a20240903c2024uuuu -u- - 101 0 $aeng 200 10$aChilean Economic Development under Neoliberalism 210 $cCambridge University Press 311 08$a9781009477383 311 08$a1009477382 330 $aThis Element examines the process of economic development of the last 50 years or so under the neoliberal model in terms of impacts on growth, inflation, income and wealth distribution and structural change. The analysis includes a historical perspective from the 19th century to the present and combines economic analysis with a political economy approach. This title is also available as Open Access on Cambridge Core. 606 $aBUSINESS & ECONOMICS / Development / Economic Development$2bisacsh 615 7$aBUSINESS & ECONOMICS / Development / Economic Development 906 $aBOOK 912 $a9910883678003321 996 $aChilean Economic Development under Neoliberalism$94242679 997 $aUNINA